MicroRNA profiling in cancer (Record no. 12019)
[ view plain ]
| 000 -LEADER | |
|---|---|
| fixed length control field | 02130nam a2200325Ia 4500 |
| 001 - CONTROL NUMBER | |
| control field | PSP0NE10576PDF |
| 003 - CONTROL NUMBER IDENTIFIER | |
| control field | BD-DhSAU |
| 005 - DATE AND TIME OF LATEST TRANSACTION | |
| control field | 20151012144309.0 |
| 006 - FIXED-LENGTH DATA ELEMENTS--ADDITIONAL MATERIAL CHARACTERISTICS | |
| fixed length control field | m|||||o||d|||||||| |
| 007 - PHYSICAL DESCRIPTION FIXED FIELD--GENERAL INFORMATION | |
| fixed length control field | cr|||| |
| 008 - FIXED-LENGTH DATA ELEMENTS--GENERAL INFORMATION | |
| fixed length control field | 120329s2010 si a sb 001 0 eng d |
| 020 ## - INTERNATIONAL STANDARD BOOK NUMBER | |
| International Standard Book Number | 9789814267540 (ebook : PDF) |
| 040 ## - CATALOGING SOURCE | |
| Original cataloging agency | BD-DhSAU |
| Transcribing agency | BD-DhSAU |
| 090 ## - LOCALLY ASSIGNED LC-TYPE CALL NUMBER (OCLC); LOCAL CALL NUMBER (OCLC) | |
| Classification number (OCLC) (R) ; Classification number, CALL (RLIN) (NR) | QP623 |
| Local cutter number (OCLC) ; Book number/undivided call number, CALL (RLIN) | .M527 2010 |
| 092 ## - LOCALLY ASSIGNED DEWEY CALL NUMBER (OCLC) | |
| Classification number | 616.9 |
| Item number | M626 |
| 245 00 - TITLE STATEMENT | |
| Title | MicroRNA profiling in cancer |
| Medium | [electronic resource] : |
| Remainder of title | a bioinformatics perspective / |
| Statement of responsibility, etc. | edited by Yuriy Gusev. |
| 260 ## - PUBLICATION, DISTRIBUTION, ETC. (IMPRINT) | |
| Place of publication, distribution, etc. | Singapore : |
| Name of publisher, distributor, etc. | Pan Stanford Pub., |
| Date of publication, distribution, etc. | c2010. |
| 300 ## - PHYSICAL DESCRIPTION | |
| Extent | xii, 257 p. : |
| Other physical details | ill. (some col.). |
| 504 ## - BIBLIOGRAPHY, ETC. NOTE | |
| Bibliography, etc | Includes bibliographical references and index. |
| 505 0# - FORMATTED CONTENTS NOTE | |
| Formatted contents note | Measurement and interpretation of microRNA expression profiles / Bo Curry and Robert Ach -- MicroRNA expression analysis by LNA enhanced microarrays / Rolf Sokilde ... [et al.]. -- Analysis and QC for real-time OPCR arrays of human microRNAs / Dirk P. Ditmer ... [et al.]. -- Massively parallel microRNA profiling in the haematologic malignancies / Ryan D. Morin ... [et al.]. -- Who dunit? microRNAs involved in prostate cancer / Chang Hee Kim -- Intronic microRNA : creation, evolution and regulation / Sailen Barik and Titus Barik -- miRome architechture and genomic instability / Konrad Huppi ... [et al.]. -- Interconnection of microRNA and transcription factor-mediated regulatory networks / Yiming Zhou -- Analysis of microRNA profiling data with systems biology tools / Yuriy Gusev ... [et al.]. -- Mathematical and computational modeling of post-transriptional gene regulation by microRNAs / Raya Khanin and Desmond J. Higham. |
| 530 ## - ADDITIONAL PHYSICAL FORM AVAILABLE NOTE | |
| Additional physical form available note | Also available in print edition. |
| 538 ## - SYSTEM DETAILS NOTE | |
| System details note | Mode of access: World Wide Web. |
| 650 #0 - SUBJECT ADDED ENTRY--TOPICAL TERM | |
| Topical term or geographic name as entry element | Non-coding RNA. |
| 650 #0 - SUBJECT ADDED ENTRY--TOPICAL TERM | |
| Topical term or geographic name as entry element | Cancer |
| General subdivision | Genetic aspects. |
| 650 #0 - SUBJECT ADDED ENTRY--TOPICAL TERM | |
| Topical term or geographic name as entry element | Genetic regulation. |
| 655 #7 - INDEX TERM--GENRE/FORM | |
| Genre/form data or focus term | Electronic books. |
| Source of term | lcsh |
| 700 1# - ADDED ENTRY--PERSONAL NAME | |
| Personal name | Gusev, Yuriy. |
| 776 1# - ADDITIONAL PHYSICAL FORM ENTRY | |
| International Standard Book Number | 9789814267014 (hardback) |
| -- | 9814267015 (hardback) |
| 856 40 - ELECTRONIC LOCATION AND ACCESS | |
| Uniform Resource Identifier | <a href="http://marc.crcnetbase.com/isbn/9789814267540">http://marc.crcnetbase.com/isbn/9789814267540</a> |
| Electronic format type | application/PDF |
No items available.
